[Event "EasyNet Cup Q-01 corr"]
[Site "Czech Republic"]
[Date "1999.??.??"]
[Round "?"]
[White "Socha, Jaromir"]
[Black "Glaser, Karel"]
[Result "1/2-1/2"]
[WhiteElo "2070"]
[BlackElo "1930"]
[PlyCount "55"]
[EventDate "1999.??.??"]
[EventType "tourn (corr)"]
[EventRounds "10"]
[EventCountry "CZE"]
[SourceTitle "Corr 2002"]
[Source "ChessBase"]
[SourceDate "2002.05.23"]
[SourceVersion "1"]
[SourceVersionDate "2002.05.23"]
[SourceQuality "1"]

1. d4 Nf6 2. c4 e6 3. Nf3 b6 4. g3 Bb7 5. Bg2 Be7 6. 0-0 0-0 7. Nc3 Ne4 8. Qc2 Nxc3 9. Qxc3 c5 10. Rd1 cxd4 11. Nxd4 Bxg2 12. Kxg2 Qc8 13. b3 Nc6 14. Bb2 Nxd4 15. Qxd4 Bf6 16. Qd2 Bxb2 17. Qxb2 Qc6+ 18. Kg1 Rfd8 19. Rd4 d6 20. Rad1 Rd7 21. R1d3 Rad8 22. Qd2 a6 23. a4 Qc7 24. e4 h6 25. h3 Qc6 26. Kh2 f6 27. f4 a5 28. Qe2 1/2-1/2